• 首页
  • 本馆介绍
  • 公告通知
  • 最新文献
  • 馆藏检索
  • 电子资源
  • 读者导购
  • 参考咨询
  • 我的图书馆
  • 登录
  • 详细信息显示
  • 放入我的书架
  • 预约/预借图书
  • 作者相关作品
  • 分类相关作品
  • 丛书相关作品
  • 出版社相关作品

书目信息

  • 表格格式
  • 工作单格式
  • 卡片格式
题名:
化学镀液配方与制备
    
 
作者: 李东光 主编
分册: 一  
出版信息: 北京   化学工业出版社  2017.01
页数: 279页
开本: 21cm
丛书名:
单 册:
中图分类: TG174.4 , TQ153
科图分类:
主题词: 化学镀--配方 , 化学镀--制备 , 电镀--化学工业
电子资源:
ISBN: 978-7-122-28562-1
000 00862nam0 2200253 450
001 4363
005 20181011141909.46
010    @a978-7-122-28562-1@dCNY48.00
100    @a20170427d2017 em y0chiy50 ea
101 0  @achi
102    @aCN@b110000
105    @ay z 000yy
200 1  @a化学镀液配方与制备@9hua xue du ye pei fang yu zhi bei@h一@f李东光主编
210    @a北京@c化学工业出版社@d2017.01
215    @a279页@d21cm
330    @a本书收集了近200中化学镀液制备实例,主要包括镀铜液、镀锡液、镀银液、镀合金液四类化学镀液,涵盖了大部分常用的化学镀液相关品种,详细介绍了产品的配方、制备、应用技术等内容,实用性强。
606 0  @a化学镀@x配方
606 0  @a化学镀@x制备
606 0  @a电镀@x化学工业
690    @aTG174.4@v5
690    @aTQ153@v4
701  0 @a李东光@9li dong guang@4主编
801  0 @aCN@b91MARC@c20170427
905    @aMuseLib@dTQ153@e34:1
    
    化学镀液配方与制备.一/李东光主编.-北京:化学工业出版社,2017.01
    279页;21cm
    
    
    ISBN 978-7-122-28562-1:CNY48.00
    本书收集了近200中化学镀液制备实例,主要包括镀铜液、镀锡液、镀银液、镀合金液四类化学镀液,涵盖了大部分常用的化学镀液相关品种,详细介绍了产品的配方、制备、应用技术等内容,实用性强。
●
相关链接 在E读中查询图书 在五车中查询图书 在当当中查询图书 在豆瓣中查询图书


正题名:化学镀液配方与制备     索取号:TQ153/34:1         预约/预借

序号 登录号 条形码 馆藏地/架位号 状态 备注
1 1124806   211248069   第二样本阅览室/ [索取号:TQ153/34:1] 在馆    
2 1124807   211248078   第三借阅区/ [索取号:TQ153/34:1] 在馆    
3 1124808   211248087   化学系资料室/ [索取号:TQ153/34:1] 在馆    
4 1124809   211248096   第三借阅区/ [索取号:TQ153/34:1] 在馆    
5 1124810   211248103   第三借阅区/ [索取号:TQ153/34:1] 在馆    
唐山师范学院图书馆 欢迎您!
大连网信软件有限公司© 版权所有